LIBRARY & INFORMATION CENTRE, KCAET, TAVANUR

ONLINE PUBLIC ACCESS CATALOGUE (OPAC)

Biochemistry (Record no. 15448)

MARC details
000 -LEADER
fixed length control field 00356nam a22001457a 4500
020 ## - INTERNATIONAL STANDARD BOOK NUMBER
ISBN 9788131248850
082 ## - DEWEY DECIMAL CLASSIFICATION NUMBER
Classification number 574.192
Item number SAT/BI
100 ## - MAIN ENTRY--AUTHOR NAME
Personal name Satyanarayana, U
245 ## - TITLE STATEMENT
Title Biochemistry
250 ## - EDITION STATEMENT
Edition statement 5th ed.
260 ## - PUBLICATION, DISTRIBUTION, ETC. (IMPRINT)
Place of publication New delhi ;
Name of publisher Elsevier relx india pvt ltd ,
Year of publication 2017 .
300 ## - PHYSICAL DESCRIPTION
Number of Pages 777 p;
700 ## - ADDED ENTRY--PERSONAL NAME
Personal name Chakrapani ,U .
942 ## - ADDED ENTRY ELEMENTS (KOHA)
Koha item type Books
Holdings
Withdrawn status Lost status Damaged status Home library Current library Date acquired Full call number Accession Number Koha item type Collection code Shelving location Source of acquisition Cost, normal purchase price
      KAUAET KAUAET 05/06/2018 574.192 SAT/BI 25641 Books        
      KAUAET KAUAET 27/07/2020 574.192 SAT/BI BB 552 Book Bank scheme for SC students General Books Scheme AMA 1455.00
      KAUAET KAUAET 27/07/2020 574.192 SAT/BI BB 553 Book Bank scheme for SC students General Books Scheme AMA 1455.00
free website counter